| 000 | 00499nam a2200181Ia 4500 | ||
|---|---|---|---|
| 005 | 20250508155858.0 | ||
| 008 | 008 250505s9999 xx 000 0 hin d | ||
| 037 | _aBooks to be hide in OPAC | ||
| 040 |
_aFEDL _beng _cFEDL |
||
| 041 |
_ahin _2eng |
||
| 084 |
_a341.13, DEL _qFEDL |
||
| 245 | 0 | _aSanyukta rashtra | |
| 245 | 0 | _cDelhi Library Board | |
| 260 |
_aDelhi, India _bAttar Chand Kapoor and Sons |
||
| 300 | _a49p. | ||
| 942 |
_cHB _h341.13, DEL |
||
| 999 |
_c1359806 _d1359806 |
||